| 000 | 00646nam a2200205 u 4500 | ||
|---|---|---|---|
| 005 | 20250926063904.0 | ||
| 008 | 091123s2003 r 000 0 eng d | ||
| 020 | _a9685863016 | ||
| 035 | _aUPN01000173909 | ||
| 049 | _aCG | ||
| 050 | 4 |
_aTK5105.5 _bJ3.7 |
|
| 100 | 1 |
_aJacques, Daniel, _d1958- |
|
| 245 | 1 | 3 |
_aLa revolución técnica : _bensayo sobre el deber de humanidad / _cDaniel Jacques ; tr. de Tatiana Sule Fernández. |
| 260 |
_aMéxico : _bJorale, _c2003. |
||
| 300 | _a187 p. | ||
| 440 | 0 | _aTecnología y desarrollo | |
| 650 | 4 |
_aRedes de computadoras _915362 |
|
| 650 | 4 |
_aSISTEMAS DE TRANSMISION DE DATOS _915326 |
|
| 905 | _aLibro | ||
| 999 |
_c146013 _d146013 |
||